000
002470000a22000970004500
100
1
_a
Parada, Nehemías
245
1
0
_a
Ser iglesia en tiempo de guerra
300
_a
Vol. 11, (2002), Páginas 3-4
773
0
_t
La Voz Luterana de Colombia
942
_c
ANA
999
_c
51800
_d
51800